PRACTICAL PHARMACONOSY: TECHNIQUES AND EXPERIMENTS (Record no. 5993)

MARC details
000 -LEADER
fixed length control field 00499nam a22001817a 4500
005 - DATE AND TIME OF LATEST TRANSACTION
control field 20230114122812.0
008 - FIXED-LENGTH DATA ELEMENTS--GENERAL INFORMATION
fixed length control field 190911b xxu||||| |||| 00| 0 eng d
020 ## - INTERNATIONAL STANDARD BOOK NUMBER
ISBN 978-93-5164-530-6
041 ## - LANGUAGE CODE
Language code of text/sound track or separate title eng
082 ## - DEWEY DECIMAL CLASSIFICATION NUMBER
Classification number 615.1
100 ## - MAIN ENTRY--AUTHOR NAME
Personal name KHANDELWAL, DR.K.R. AND SETHI, DR. VARUNDA
245 ## - TITLE STATEMENT
Title PRACTICAL PHARMACONOSY: TECHNIQUES AND EXPERIMENTS
250 ## - EDITION STATEMENT
Edition statement 3rd ed. 2019.
260 ## - PUBLICATION, DISTRIBUTION, ETC. (IMPRINT)
Place of publication PUNE
Name of publisher NIRALI PRAKASHAN
300 ## - PHYSICAL DESCRIPTION
Number of Pages A-N.3 p,
650 ## - SUBJECT ADDED ENTRY--TOPICAL TERM
Topical Term PHARMACY
General subdivision B.PHARMA
942 ## - ADDED ENTRY ELEMENTS (KOHA)
Koha item type Books
Holdings
Lost status Damaged status Collection code Home library Current library Shelving location Date acquired Source of acquisition Cost, normal purchase price Full call number Accession Number Koha item type
    PHARMACY JRU Library JRU Library Shelf - 27- B 11/09/2019 PURCHESS 230.00 615.1 23540 Books
    PHARMACY JRU Library JRU Library Shelf - 27- B 11/09/2019 PURCHESS 230.00 615.1 23541 Books
    PHARMACY JRU Library JRU Library Shelf - 27- B 11/09/2019 PURCHESS 230.00 615.1 23542 Books
    PHARMACY JRU Library JRU Library Shelf - 27- B 11/09/2019 PURCHESS 230.00 615.1 23543 Books
    PHARMACY JRU Library JRU Library Shelf - 27- B 10/02/2022 PURCHASE 230.00 615.1 26167 Books
    PHARMACY JRU Library JRU Library Shelf - 27- B 10/02/2022 PURCHASE 230.00 615.1 26168 Books
    PHARMACY JRU Library JRU Library Shelf - 27- B 10/02/2022 PURCHASE 230.00 615.1 26169 Books